Die stoische Ethik. Über den Zusammenhang von Natur-, Sprach- und Moralphilosophie im altstoischen System.

I tiakina i:
Ngā taipitopito rārangi puna kōrero
Kaituhi matua: Forschner, Maximilian (Author)
Hōputu: Pukapuka
I whakaputaina: Darmstadt, Deutschland: Wissenschaftliche Buchgesellschaft, 1995.
Ngā marau:
Ngā Tūtohu: Tāpirihia he Tūtohu
Kāore He Tūtohu, Me noho koe te mea tuatahi ki te tūtohu i tēnei pūkete!

MARC

LEADER 00000nam a22000007a 4500
003 CL-VaPUC
005 20220822114842.0
008 220809t1995 ||||| |||| 00| 0 eng d
999 |c 438152  |d 438150 
020 |a 3-534-12633-5 
040 |c Pontificia Universidad Católica de Valparaíso 
082 7 |a 171.2 FOR 1995  |2 22 
100 1 |a Forschner, Maximilian   |e author  |9 875166 
245 |a Die stoische Ethik.  |b Über den Zusammenhang von Natur-, Sprach- und Moralphilosophie im altstoischen System. 
250 |b Durchgesehene und um ein Nachwort und einen Literaturnachtrag erweiterte AuflV 
260 |a Darmstadt, Deutschland:  |b Wissenschaftliche Buchgesellschaft,   |c 1995. 
300 |a 265 páginas.  
500 |a c.1 Donación Familia Prof. Alejandro Guzmán Brito. 
583 |c 20220809  |k Cristina María Rojas Aguilar 
650 |a Estoicismo  |x Etica   |9 875167 
942 |2 ddc  |c BK  |n 0 
952 |0 0  |1 0  |2 ddc  |4 0  |6 171_200000000000000_FOR_1995  |7 1  |8 C_AGB  |9 586033  |a BIBDER  |b BIBDER  |d 2022-08-09  |e Donación   |i 5654007  |o 171.2 FOR 1995  |p 5654007  |r 2023-01-25  |t 1  |w 2022-08-09  |y BK_US  |k AGB